Η διαφημιστική δαπάνη για τον τουρισμό

Αποθηκεύτηκε σε:
Λεπτομέρειες βιβλιογραφικής εγγραφής
Κύριος συγγραφέας: Κουζέλης, Ανδρέας Κ.
Συγγραφή απο Οργανισμό/Αρχή: Ινστιτούτο Τουριστικών Ερευνών και Προβλέψεων (Ι.Τ.Ε.Π.)
Μορφή: Βιβλίο
Γλώσσα:Greek
Δημοσίευση: Αθήνα : Ινστιτούτο Τουριστικών Ερευνών και Προβλέψεων, 2002
Σειρά:Μελέτες ; ; 14
Θέματα:
Ετικέτες: Προσθήκη ετικέτας
Δεν υπάρχουν, Καταχωρήστε ετικέτα πρώτοι!

MARC

LEADER 00000cam a2200000 i 4500
001 1/50714
008 040311s2002 gre d
020 |a 960-86758-8-X 
035 |l 10072629 
040 |a GR-MY-UA  |b gre  |e aacr 
041 0 |a gre 
082 0 |a 338.479109495 
100 1 |a Κουζέλης, Ανδρέας Κ. 
245 1 2 |a Η διαφημιστική δαπάνη για τον τουρισμό /  |c Ανδρέας Κ. Κουζέλης 
260 |a Αθήνα :   |b Ινστιτούτο Τουριστικών Ερευνών και Προβλέψεων,   |c 2002 
300 |a xx,156 σ.  |b διαγρ., πιν. 
490 1 |a Μελέτες  |v ; 14 
504 |a Περιλαμβάνει βιβλιογραφία 
650 0 0 |a Advertising  |x Tourism. 
710 2 |a Ινστιτούτο Τουριστικών Ερευνών και Προβλέψεων (Ι.Τ.Ε.Π.) 
830 0 |a Μελέτες ;  |v ; 14 
852 |a INST  |b CHIOS  |e 20040311  |h 338.479109495 ΚΟΥ  |p 005200012769  |q 005200012769  |t BK  |y 0 
901 |a BIBL2-2004-1 
909 |a Χ  |b 107804 
970 |a ΒΑΣΙΛΑΚΗ  |b ΝΙΚΗ  |z 2004/03/11